| 000 | 00659cam a22001577a 4500 | ||
|---|---|---|---|
| 008 | 180718b2004 xxu||||| |||| 00| 0 eng d | ||
| 082 | _aT441x54 R299 | ||
| 100 | _aIndia. Advisory Committee to Advise on the Administered Interest Rates and Rationalisation of Saving Instruments | ||
| 245 |
_aReport of the Advisory Committee to Advise on the Administered Interest Rates and Rationalisation of Saving Instruments _cby Reserve Bank of India |
||
| 260 |
_aMumbai _bReserve Bank of India _c2004 |
||
| 300 | _a53p. | ||
| 500 | _aChairman: Rakesh Mohan | ||
| 650 | _aInterest rates - India | ||
| 700 | _aMohan, Rakesh (Chairman) | ||
| 700 | _aReserve Bank of India | ||
| 999 |
_c491405 _d491405 |
||